Дело о покупке ширм и стола со шкафом для уборной актрисы Левкеевой

RUSMARC
00005832cbc2a2200000#x 450
0012a519282-1dda-4e42-9235-07096f10b61d
00520200120163748.0
100##$a20170705l18491849k l0rusy0189 ca
1010#$arus
102##$aRU
2001#$aДело о покупке ширм и стола со шкафом для уборной актрисы Левкеевой
$j3-9 сентября 1849 г.
251##$cДело
300##$aПо Санкт-Петербургской дирекции за 1849 год
300##$aЗаголовок дела также: Дело о покупке смотрителем Александринского театра в уборную комнату актрисы Левкеевой ширм и стола со шкафом
300##$aРукописный текст. Чернила
801#0$aRU
$bРГИА
$c20170705
801#1$aRU
$bГлавНИВЦ
$c20170705
$2rusmarc
801#2$aRU
$bПБ им. Б.Н. Ельцина
$c20190109
$gRCR
$2rusmarc
850##$aФедеральное казенное учреждение "Российский государственный исторический архив" (РГИА)
852##$aРГИА
$j12333
937##$hРГИА
$d12246899
$aASBIBLIO_SCAN
462#0$1001dd3991dc-24e1-42ec-8838-ca4255420416
$12001
$a1746-1850 гг.
$vД. 12333
$1251
$cОпись
$1852
$j1
461#0$10019264ebf8-de62-4f1a-9eb4-9f22098dbbd5
$12001
$aДирекция императорских театров МИДв
$1251
$cФонд
$1852
$j497
215##$a5 листов
$d36,5х26 см
371##$aДокумент не является опубликованным и широко распространяемым
105##$ay###
1222#$ad18490903##
$ad18490909##
035##$a2a519282-1dda-4e42-9235-07096f10b61d
856##$uhttp://readingroom.main.prlib.ru/item.aspx?id_node=n122783008&mode=full
5171#$aДело о покупке смотрителем Александринского театра в уборную комнату актрисы Левкеевой ширм и стола со шкафом
6061#$2nlr_sh1
$3RU\NLR\AUTH\66664103
$aМебель театральная
$jДокументы и материалы
600#1$2prlib_sh
$3LIBNET\UAF\0000087141
$aЛевкеева
$bЕ.М.
$gЕлизавета Матвеевна
$f1829-1881
$jДокументы и материалы
686##$a63.3(2)521-7
$vLBC/M
$2rubbk
686##$a85.334
$vLBC/M
$2rubbk
605##$2acquisition_Prlib
$3LIBNET\UAF\0000080478
$aГод театра в России
$lколлекция
605##$2acquisition_Prlib
$3DITM\AF\0000004166
$aРоссия в лицах
$lколлекция
60101$2prlib_sh
$3LIBNET\UAF\0000083361
$aРоссия
$bДирекция императорских театров
$bПетербургская контора
$jДокументы и материалы
Формат отображения